Succession in Family Businesses <An> In-Depth Qualitative Study of Succession in German Family-Owned Wineries

Gespeichert in:
Bibliographische Detailangaben
1. Verfasser: Heinrichs, Katharina
Format: Buch
Sprache:Englisch
Veröffentlicht: Lohmar Josef Eul Verlag 2014
Ausgabe:1. Auflage
Schriftenreihe:Family Business Band 7
Schlagworte:
Tags: Tag hinzufügen
Keine Tags, Fügen Sie das erste Tag hinzu!

MARC

LEADER 00000nam a2200000 4500
001 0269765
005 20240314085943.3
020 |a 978-3-8441-0319-9 
041 0 |a eng 
044 |a DE 
245 1 0 |a Succession in Family Businesses  |b <An> In-Depth Qualitative Study of Succession in German Family-Owned Wineries  |c Katharina Heinrichs 
250 |a 1. Auflage 
264 1 |a Lohmar  |b Josef Eul Verlag  |c 2014 
300 |a 163 s. 
490 1 |a Family Business  |v Band 7 
830 0 |a Family Business  |v Band 7 
610 2 0 |a podnikanie rodinné 
610 2 0 |a vinárne 
610 2 0 |a rodina 
610 2 0 |a podnik rodinný 
610 2 0 |a identita 
610 2 0 |a identita podniková 
610 2 0 |a riadenie podnikové 
610 2 0 |a konflikty 
610 2 0 |a výskum 
610 2 0 |a štúdie 
100 1 |a Heinrichs, Katharina